Defunct NHL Teams - Statistics

General Stats
  • This quiz has been taken 18 times
  • The average score is 3 of 6
Answer Stats
Years Team % Correct
1924-1938 Montreal Maroons
100%
1920-1925 Hamilton Tigers
44%
1917-1918 Montreal Wanderers
44%
1925-1942 Brooklyn Americans
39%
1930-1931 Philadelphia Quakers
39%
1934-1935 St. Louis Eagles
28%
No matching quizzes found
Score Distribution
Percent of People with Each Score
Percentile by Number Answered
Your Score History
You have not taken this quiz